| 000 | 004270000a22001930004500 | ||
|---|---|---|---|
| 001 | 000747 | ||
| 003 | MACL | ||
| 005 | 20150915112958.0 | ||
| 008 | 150915b xxu||||| |||| 00| 0 eng d | ||
| 040 |
_aMACL _cMACL |
||
| 041 | _aEnglish | ||
| 082 | _a823/HEN | ||
| 100 |
_aHenry, O _910934 |
||
| 245 |
_aShort Stories _cO Henry |
||
| 260 |
_aCalcutta _c1997 |
||
| 350 | _a35 | ||
| 650 |
_a Ficition _910935 |
||
| 942 |
_k823 _cBK _2ddc |
||
| 999 |
_c745 _d745 |
||